Pays avec le plus de forêts - Statistiques

Statistiques générales
  • Ce quiz a été pris 61 fois
  • Le résultat moyen est 6 sur 7
Statistiques - réponses
Hint Réponse % Correct
3,47 M km2 Canada
96%
8,15 M km2 Russie
96%
4,93 M km2 Brésil
94%
2,20 M km2 Chine
93%
3,10 M km2 Etats-Unis
89%
1,52 M km2 République démocratique du Congo
78%
1,25 M km2 Australie
70%
Aucun quiz correspondant
Distribution des résultats
% des personnes avec chaque résultat
Percentile par nombre de réponses
Votre historique - résultats
Vous n’avez pas pris ce quiz